000 00741nam a2200229 i 4500
001 94636
003 ES-MaACL
005 20250814015822.0
007 t|
008 050511m19491952sp ||||1| spa d
080 _a58
100 1 _aLosa España, T. Mariano.
_974245
245 1 0 _aTratado elemental de botánica descriptiva aplicada /
_cpor T. Mariano Losa España, S. Rivas Goday, J.Mª Muñoz Medina.
260 _aGranada :
_b[s.n.],
_c1949-1952 (
_fImp. Urania)
300 _a2 v. :
_bil. ;
_c22 y 26 cm.
595 _aVol. 1 es de la 2ª ed.
650 7 _aBotánica
_2embne
_910610
700 1 _aRivas Goday, S.
_997575
700 1 _aMuñoz Medina, J. María.
_984456
852 4 _aES-MaACL
_jB-8728-29
999 _c94636
_d94636